000 00790nas a2200253 4500
001 BR8108959
003 BR-BrBNA
005 20231205084947.0
007 ta
008 230509b bl.|||p| |||| 00| 00por d
040 _aBR-BrBNA
_bpor
_cBiblioteca Nacional de Agricultura
041 _a(Pt)
072 _aH10
100 1 _aBastos, J.A.M.
100 1 _aAlves, V.P.O.
245 1 _aLevantamento populacional do trips vermelho da manicoba, Retithrips syriacus (Mayet, 1890)em manicoba [Manihot glaziovii, Ceara]
650 _aMANICOBA
650 _aTRIPS VERMELHO
650 _aFLUTUACAO POPULACIONAL
650 _aCEARA
773 0 _tFitossanidade (Brazil)
_xISSN 0100-4204
_g(1981), v. 5(1) p. 1-6
_wBR8108959
909 _a202311
_bLúcia
_c55
_dLúcia Elande
942 _2AGRIS
_n0
_cANA
999 _c108383
_d108383